[Event "FIDE Zonal 2.5 Open 2019"]
[Site "Montevideo"]
[Date "2019.04.13"]
[Round "1.1"]
[White "Mareco, Sandro"]
[Black "Restuccia, Francisco"]
[Result "1-0"]
[WhiteElo "2651"]
[BlackElo "2100"]
[Annotator "TA"]
[PlyCount "71"]
[EventDate "2019.04.13"]
[EventType "swiss"]
[EventCountry "URU"]
[SourceTitle "playchess.com"]
[Source "ChessBase"]
[SourceQuality "1"]

{[%evp 18,71,16,14,24,26,43,15,26,22,21,9,27,2,27,26,54,40,60,27,34,23,42,32,67,-16,-8,-38,-38,-38,-38,-38,-35,-38,0,-22,0,0,0,-27,0,0,0,0,175,172,144,80,536,526,566,560,691,685,29997,29998]} 1. Nf3 Nf6 2. g3 g6 3. Bg2 Bg7 4. c4 O-O 5. O-O d6 6. d4 c6 7. Nc3 Qb6 8. h3 Qa6 9. b3 b5 10. Nd2 {aiming for cxb5.} Bb7 {E62: King's Indian: Fianchetto: 6...c6 and Panno Variation (6...Nc6) without ...a6} 11. Bb2 (11. Rb1 Nbd7 12. a4 bxc4 13. Nxc4 d5 14. Ne5 Nxe5 15. dxe5 Nh5 16. Bb2 Rfd8 17. Na2 c5 18. Qc1 {0-1 (28) Cornette,M (2562)-Hamdouchi,H (2593) Mulhouse 2011}) 11... Nbd7 12. Qc2 Qb6 {The position is equal.} 13. a4 $146 {[%cal Ra4b5]} ({Predecessor:} 13. Nce4 Nxe4 14. Qxe4 e5 15. dxe5 Nxe5 16. Qc2 Rad8 17. Rfd1 c5 18. Bxb7 Qxb7 {1-0 (88) Petrukhina,O (2106)-Pozdnyakov,A (1746) Krasnoyarsk 2017}) 13... b4 14. a5 Qc7 15. Nd1 c5 16. d5 a6 17. e4 e5 18. Ne3 Rae8 19. Kh2 h5 20. Nf3 Nh7 21. h4 (21. Nd1 $14) 21... Ndf6 $1 $11 22. Ng1 Ng4+ 23. Nxg4 hxg4 24. f3 Bc8 25. fxg4 Bxg4 (25... Nf6 $5 {[%cal Rf6g4]} 26. Kh1 Nxg4 $11) 26. Nh3 (26. Bh3 $5 {[%cal Rh3g4]} Nf6 {[#]} 27. Rxf6 $1 {[%mdl 512]} Bxh3 28. Rxd6 $1 {[%mdl 512]} Qxd6 29. Nxh3 $11) 26... Qd8 27. Bf3 $36 {[%mdl 2048] White fights for an advantage.} Bc8 28. Qe2 f5 29. exf5 gxf5 30. Bh5 f4 $2 (30... Re7 $1 $11 {and Black is okay.}) 31. Bxe8 $18 Rxe8 32. Rg1 (32. Rae1 $142) 32... fxg3+ $2 {[%mdl 8192]} (32... Qd7 $16 {is more resistant.} 33. g4 Rf8) 33. Rxg3 Qxh4 34. Qg2 Re7 35. Rg1 {[%cal Rg3g7]} Bxh3 36. Rxg7+ {Accuracy: White = 43%, Black = 27%.} ({Weaker is} 36. Qxh3 Qxh3+ 37. Kxh3 Nf6 $18) 1-0

[Event "FIDE Zonal 2.5 Open 2019"]
[Site "Montevideo"]
[Date "2019.04.13"]
[Round "1.2"]
[White "Adasme Fredes, Mauricio"]
[Black "Delgado Ramirez, Neuris"]
[Result "0-1"]
[WhiteElo "2086"]
[BlackElo "2616"]
[Annotator "TA"]
[PlyCount "74"]
[EventDate "2019.04.13"]
[EventType "swiss"]
[EventCountry "URU"]
[SourceTitle "playchess.com"]
[Source "ChessBase"]
[SourceQuality "1"]

{[%evp 17,74,-19,-6,-35,-23,-33,8,-7,6,-17,6,-19,-17,-13,-2,2,0,-8,0,-19,1,0,13,0,-14,4,11,-16,-12,-8,37,-26,54,62,54,-70,23,-65,0,7,0,-147,-133,-137,-130,-337,-328,-342,-320,-424,-397,-607,-525,-1614,-681,-29993,-29994,-29994,-29995]} 1. Nf3 Nf6 2. b3 g6 3. Bb2 Bg7 4. c4 d6 5. e3 e5 6. d3 O-O 7. Be2 c5 {A15: English Opening: 1...Nf6} 8. Nc3 Nc6 9. O-O Re8 {LiveBook: 6 Games. The position is equal.} (9... h6 10. Nd2 Be6 11. Nde4 Ne8 12. Nd5 f5 13. Nec3 Kh7 14. f4 Qd7 15. Bf3 Nf6 16. Qd2 {0-1 (43) Goganov,A (2612)-Melkumyan,H (2670) St Petersburg 2018}) 10. Nd5 Nxd5 11. cxd5 Nb8 $146 {[%cal Bc6b8,Bb8d7,Bd7f6][%mdl 32] [#] Threatens to win with ...e4.} ({Predecessor:} 11... Ne7 12. e4 h6 {0-1 (44) Yangurazov,A (1903)-Selegenenko,V (2088) Ufa 2009}) 12. Qc2 Nd7 13. Rfd1 f5 14. Nd2 {[%cal Bf3d2,Bd2c4,Bc4e3,Be3f5][%mdl 32]} Nf6 15. Bf3 b6 16. a4 g5 {Black wants to play ...g4.} 17. g3 Bb7 18. e4 Qd7 19. Nc4 Rad8 20. Ne3 f4 $1 $36 {[%cal Rf4e3][%mdl 2048] Black has good play.} 21. Nf5 g4 22. Bg2 f3 23. Bf1 Qf7 24. Qd2 (24. Nxg7 $14 Qxg7 25. a5) 24... Qg6 (24... a5 $11) 25. Nxg7 $14 Kxg7 26. Bc1 (26. b4 $14) 26... h5 (26... a5 $1 $15) 27. Qg5 ({White should play} 27. a5 $11) 27... Kf7 ({Black should try} 27... Qxg5 $15 28. Bxg5 Kg6) 28. Qxg6+ Kxg6 29. h4 {[#]} (29. a5 $11 {keeps the balance.}) 29... gxh3 $1 $17 30. Bxh3 Bc8 31. Bf1 $2 (31. Kh2 $17) 31... Rh8 $19 32. a5 b5 33. d4 cxd4 34. Bd3 (34. Bxb5 $142 Nxe4 35. Bb2) 34... h4 35. Bd2 Ng4 (35... hxg3 $142 36. fxg3 Rh3) 36. Rac1 hxg3 37. fxg3 Rh2 {Accuracy: White = 20%, Black = 37%.} 0-1

[Event "FIDE Zonal 2.5 Open 2019"]
[Site "Montevideo"]
[Date "2019.04.13"]
[Round "1.3"]
[White "Peralta, Fernando"]
[Black "Belmes, Martin"]
[Result "1-0"]
[WhiteElo "2572"]
[BlackElo "2081"]
[Annotator "TA"]
[PlyCount "37"]
[EventDate "2019.04.13"]
[EventType "swiss"]
[EventCountry "URU"]
[SourceTitle "playchess.com"]
[Source "ChessBase"]
[SourceQuality "1"]

{[%evp 10,37,39,27,35,16,71,75,106,65,175,162,169,152,286,358,350,349,347,327,593,582,692,721,668,695,2026,1856,29992,29993]} 1. d4 e6 2. c4 Nf6 3. Nc3 Bb4 4. e3 c5 5. Bd3 Bxc3+ 6. bxc3 b6 {E41: Nimzo-Indian: Rubinstein: 4...c5 5 Bd3, including Hübner Variation} (6... Nc6 7. Nf3 d6 8. e4 e5 9. d5 Ne7 10. Nh4 h6 11. Qf3 Bg4 12. Qe3 g5 13. f3 Bd7 14. Nf5 Nxf5 15. exf5 Qa5 16. Bd2 O-O-O 17. g4 Rde8 18. O-O {½-½ (28) Khismatullin,D (2651)-Kovalenko,I (2700) Berlin 2015}) 7. Ne2 Ba6 (7... Nc6 $11 {remains equal.}) 8. e4 $146 ({Predecessor:} 8. Ba3 d6 9. Ng3 O-O 10. O-O Nc6 11. f3 Na5 12. Qe2 Qd7 13. e4 Qa4 {0-1 (41) Von Baudissin,G-Schulz,W Weidenau 1950}) 8... Nc6 {White is better.} 9. O-O Na5 ({Black should play} 9... O-O $14) 10. e5 $18 Ng8 {[#]} 11. Ng3 $1 Ne7 (11... Bxc4 $16 {was called for.} 12. Ne4 Kf8) 12. Nh5 Kf8 13. Qg4 Ng6 14. Bg5 Qb8 $2 (14... Qe8 15. Qe2 Rc8) 15. f4 Bxc4 16. Bxc4 Nxc4 17. f5 exf5 18. Rxf5 Rg8 {[#]} 19. Rxf7+ $1 {[%mdl 576] Double Attack, Clearance. Accuracy: White = 86%, Black =  7%.} 1-0

[Event "FIDE Zonal 2.5 Open 2019"]
[Site "Montevideo"]
[Date "2019.04.13"]
[Round "1.4"]
[White "Sosa Macho, Juan Manuel"]
[Black "Pichot, Alan"]
[Result "0-1"]
[WhiteElo "2076"]
[BlackElo "2566"]
[Annotator "TA"]
[PlyCount "134"]
[EventDate "2019.04.13"]
[EventType "swiss"]
[EventCountry "URU"]
[SourceTitle "playchess.com"]
[Source "ChessBase"]
[SourceQuality "1"]

{[%evp 16,134,10,0,0,0,16,0,36,-19,-2,-22,0,-13,0,-43,-43,-70,-36,-47,-54,-74,-84,-71,-72,-131,-132,-179,-161,-226,-108,-256,-244,-287,-301,-290,-279,-285,-276,-311,-319,-293,-293,-297,-300,-279,-281,-315,-299,-311,-297,-326,-328,-336,-331,-362,-377,-384,-383,-354,-380,-374,-388,-385,-383,-360,-361,-425,-403,-386,-347,-338,-346,-330,-320,-556,-549,-1134,-1176,-1118,-1124,-1047,-1008,-770,-734,-1205,-1207,-29965,-29965,-29963,-6410,-12844,-29965,-29965,-2508,-29972,-29974,-8704,-1306,-29979,-29980,-29982,-29983,-29983,-29984,-29984,-29984,-29983,-29982,-29982,-29983,-29983,-29984,-29984,-29985,-29985,-29986,-29987,-29988,-29987,-29988]} 1. d4 Nf6 2. c4 c5 3. d5 e6 4. Nc3 exd5 5. cxd5 d6 6. g3 g6 7. Bg2 Bg7 8. e4 O-O 9. Nge2 Na6 {A60: Modern Benoni: Early Divergences} 10. O-O Nc7 11. a4 a6 {The position is equal.} 12. f4 $146 (12. a5 $14) ({Predecessor:} 12. Qb3 Rb8 13. a5 b5 14. axb6 Nb5 15. Na4 Nd7 16. Bd2 Qe7 17. Ba5 {1-0 (30) Li,C (2720)-Preotu,R (2495) chess.com INT 2017}) 12... Rb8 13. a5 b5 14. axb6 Rxb6 15. Kh1 Re8 16. f5 Nd7 17. fxg6 hxg6 18. Nf4 Nb5 19. Nxb5 Rxb5 20. Rf2 ({White should try} 20. Qd2) 20... Qb6 21. Ra2 Nf6 22. Qc2 (22. Bf3 {was necessary.}) 22... Bd7 (22... Rb4 $19 {[%cal Rf6e4]} 23. Bd2 Ng4) 23. Bd2 (23. Ne2 $17) 23... Ng4 $19 24. Re2 Rxb2 25. Rxb2 Qxb2 ({Not} 25... Bxb2 26. h3 $17) 26. Qxb2 Bxb2 27. Ba5 Bd4 28. h3 Nf2+ 29. Kh2 Bb5 30. Re1 Nd3 31. Rd1 Nb2 32. Rc1 Nc4 33. Bc3 Bxc3 34. Rxc3 Nd2 35. Re3 a5 36. Ne2 {[#]} Rxe4 $1 {[%mdl 576] Deflection} 37. Bxe4 {aiming for Kg1.} (37. Rxe4 Nxe4) 37... Nf1+ {[%mdl 64] Double Attack} 38. Kg1 Nxe3 {[%mdl 4096] Endgame KBN-KBN} 39. Nc3 Bd7 40. Kf2 Nc4 41. h4 Ne5 42. Bc2 Kf8 43. Ke3 Ke7 44. Kf4 Nc4 45. g4 $2 {[#]} (45. Kg5) 45... Bxg4 $1 {[%mdl 512]} 46. Bxg6 (46. Kxg4 Ne3+) 46... fxg6 47. Kxg4 {KN-KN} Kf6 48. Kf4 Nb6 49. Ne4+ Ke7 50. Kg5 Nxd5 51. Kxg6 a4 {[%cal Ba5a4,Ba4a3,Ba3a2][%mdl 32]} 52. Nd2 a3 53. Nb3 Ke6 54. Kg5 Nf6 (54... a2 $142 55. Na1 Ke5 56. h5 Nf6 57. h6 c4 58. Kg6 d5 59. h7 {[#]} Nxh7 $1 {[%mdl 512]} 60. Kxh7 d4 61. Kg6 d3 62. Kg5 c3 63. Nb3 d2 64. Na5 d1=Q 65. Nc4+ Ke4 66. Nb2 cxb2 67. Kf6 b1=Q 68. Kg5 Qd6 69. Kh5 Qg1 70. Kh4 Qh6#) 55. Kf4 Kd5 56. Kf5 Ne4 (56... Kc4 $142 57. Na5+ Kc3 58. Kxf6 a2) 57. Kf4 a2 {Black mates.} 58. Ke3 Kc4 59. Na1 d5 60. h5 Nf6 61. h6 Ng4+ 62. Kd2 Nxh6 63. Kc2 Nf5 64. Kb2 Nd4 65. Kxa2 Kc3 66. Kb1 c4 67. Ka2 Nc2 {Accuracy: White = 29%, Black = 76%.} 0-1

[Event "FIDE Zonal 2.5 Open 2019"]
[Site "Montevideo"]
[Date "2019.04.13"]
[Round "1.5"]
[White "Perez Ponsa, Federico"]
[Black "Pichuaga, Juan Pablo"]
[Result "1-0"]
[WhiteElo "2562"]
[BlackElo "2021"]
[Annotator "TA"]
[PlyCount "67"]
[EventDate "2019.04.13"]
[EventType "swiss"]
[EventCountry "URU"]
[SourceTitle "playchess.com"]
[Source "ChessBase"]
[SourceQuality "1"]

{[%evp 10,67,22,17,60,34,40,17,51,58,58,58,67,40,56,34,43,39,48,44,52,38,84,82,92,58,70,76,138,147,260,223,451,442,417,344,302,185,256,232,249,255,274,264,251,204,587,579,828,824,939,928,1106,908,2077,2072,1965,1992,29997,29998]} 1. e4 c6 2. d4 d5 3. e5 Bf5 4. Nf3 e6 5. Be2 h6 6. O-O {LiveBook: 137 Games} g5 {B12: Caro-Kann: Advance Variation} (6... Ne7 7. Nbd2 Nd7 8. Nb3 Qc7 9. Bd2 g5 10. Bb4 Ng6 11. Bxf8 Rxf8 12. Ne1 Ne7 13. Bd3 c5 14. Bxf5 Nxf5 {½-½ (49) Dominguez Perez,L (2739)-Riazantsev,A (2671) Doha 2016}) 7. c3 Ne7 8. Ne1 Rg8 {The position is equal.} 9. Na3 $146 {[%cal Bb1a3,Ba3c2,Bc2e3][%mdl 32]} ({Predecessor:} 9. a4 Nd7 10. a5 a6 11. b4 Qc7 12. Nd3 f6 13. Bh5+ Kd8 14. f4 {1-0 (47) Manik,M (2426)-Pedersen,F (2340) Ohrid 2009}) 9... Nd7 10. Nac2 Qc7 11. Ne3 Bg6 12. a4 {[%cal Ba2a4,Ba4a5,Ba5a6][%mdl 32]} O-O-O 13. a5 f6 14. exf6 Nxf6 15. Nd3 Bxd3 16. Bxd3 Ng6 17. a6 {Strongly threatening Ng4.} b6 18. Ng4 $36 {[%mdl 2048] Keeping Black busy.} Nd7 (18... Nxg4 $142 19. Qxg4 Qf7) 19. Re1 $16 e5 (19... Re8 $16 20. g3 Nh8) 20. Bf5 $18 Be7 $2 (20... Kb8 {was necessary.} 21. Bxd7 Qxd7) 21. Nxh6 Rg7 22. Bxg6 Rxg6 23. Nf7 Rf8 (23... Rdg8 $142 24. Nxe5 (24. dxe5 Nc5 $18) 24... Nxe5) 24. Nxe5 Nxe5 25. Rxe5 ({Don't take} 25. dxe5 Qd7) 25... Bd6 26. Qg4+ ({Much less strong is} 26. Rxg5 $6 Rxg5 27. Bxg5 Bxh2+ 28. Kh1 Qh7 $16) 26... Kb8 27. Bf4 {Hoping for Rae1.} Rgf6 $2 {[#]} (27... Qf7 {is a better chance.}) 28. Rae1 $1 {[%cal Ba1e1,Be1e5,Be5e8][%mdl 32] White wants to mate with Re8+.} Rd8 29. Bxg5 Bxe5 30. Rxe5 Rg6 31. Qf5 Rdg8 {[#]} 32. Qxg6 $1 {[%mdl 512]} Rxg6 33. Re8+ Qc8 34. Bf4+ {Precision: White = 67%, Black = 22%.} 1-0

[Event "FIDE Zonal 2.5 Open 2019"]
[Site "Montevideo"]
[Date "2019.04.13"]
[Round "1.6"]
[White "Suarez, Pedro"]
[Black "Henriquez Villagra, Cristobal"]
[Result "0-1"]
[WhiteElo "2019"]
[BlackElo "2543"]
[Annotator "TA"]
[PlyCount "86"]
[EventDate "2019.04.13"]
[EventType "swiss"]
[EventCountry "URU"]
[SourceTitle "playchess.com"]
[Source "ChessBase"]
[SourceQuality "1"]

{[%evp 21,86,9,12,5,56,33,60,10,21,0,0,0,0,9,57,29,23,-64,-77,-69,-64,-67,-39,-45,-43,-78,-90,-312,-311,-315,-304,-287,-303,-487,-487,-506,-506,-522,-334,-324,-315,-529,-517,-494,-478,-597,-591,-685,-677,-763,-763,-733,-728,-728,-723,-651,-539,-512,-418,-612,-600,-589,-578,-29966,-29967,-4918,-4698]} 1. d4 Nf6 2. c4 g6 3. Nc3 Bg7 4. e4 d6 5. Be2 O-O 6. Nf3 Nbd7 7. O-O e5 8. d5 Nc5 9. Qc2 a5 10. Bg5 h6 11. Be3 b6 12. Ne1 {E94: King's Indian: Classical: 6 Be2 e5 7 0-0: Various Black 7th moves} (12. Nd2 Bg4 13. Qd1 h5 14. Bg5 Qe8 15. b3 Bd7 16. a3 Nh7 17. Be3 f5 18. f3 f4 19. Bf2 g5 20. b4 Na4 21. Nxa4 Bxa4 {1-0 (41) Zubov,A (2588)-Zubarev,A (2588) Lvov 2014}) 12... h5 (12... Ng4 $11) 13. f3 h4 $146 ({Predecessor:} 13... Nh7 14. Bd3 f5 15. a3 f4 16. Bf2 g5 17. b4 Nxd3 18. Qxd3 g4 19. c5 g3 20. hxg3 fxg3 21. Bxg3 {0-1 (40) Cselenyi,B (2045)-Rybansky,D (2000) Miskolc 1999}) 14. Nd3 {White is slightly better.} Nh5 15. a3 a4 16. Nxc5 bxc5 17. Nxa4 Nf4 18. Rf2 h3 19. Bf1 ({Better is} 19. g3 $1 $11 Nxe2+ 20. Rxe2) 19... hxg2 $15 20. Bxg2 Bh6 21. Bc1 $1 Qh4 22. Nc3 f5 23. Rb1 Rf7 24. Ne2 $2 (24. Bf1 $17 {only move.}) 24... Nxg2 $19 25. Bxh6 Qxh6 26. Rxg2 {[#]} fxe4 $1 27. fxe4 $2 (27. Kh1 Bf5 28. fxe4) 27... Bh3 28. Qc1 Qxc1+ 29. Rxc1 Bxg2 30. Kxg2 {[%mdl 4096] Endgame KRR-KRN} Raf8 31. Re1 $2 (31. Kg1 {might work better.}) 31... Rf3 32. Nc3 Rf2+ {[%mdl 64] [#] Double Attack} 33. Kg1 Rxb2 34. Nb5 Rff2 35. Nxc7 Rg2+ 36. Kh1 Rxh2+ 37. Kg1 Rhg2+ 38. Kh1 Rg4 39. Ne8 {aiming for Nf6+.} Kf7 40. Nxd6+ Ke7 41. Nb5 Rf2 42. Nc3 Rf3 {[%cal Rf3h3]} 43. d6+ Kd7 {Accuracy: White = 28%, Black = 80%.} 0-1

[Event "FIDE Zonal 2.5 Open 2019"]
[Site "Montevideo"]
[Date "2019.04.13"]
[Round "1.7"]
[White "Cubas, Jose Fernando"]
[Black "Vazquez, Facundo"]
[Result "1/2-1/2"]
[WhiteElo "2505"]
[BlackElo "2009"]
[Annotator "TA"]
[PlyCount "70"]
[EventDate "2019.04.13"]
[EventType "swiss"]
[EventCountry "URU"]
[SourceTitle "playchess.com"]
[Source "ChessBase"]
[SourceQuality "1"]

{[%evp 14,70,21,2,31,22,21,0,0,0,0,-10,-14,-26,-27,-55,-54,-33,-42,-39,-6,-105,-102,-167,-133,-149,-121,-125,-126,-223,-220,-208,-216,-208,-211,-209,-214,-296,-294,-313,-313,-292,-210,-200,-205,-210,-207,-189,-197,-203,-197,-226,-209,-155,-258,-273,-194,-298,-284]} 1. e4 e6 2. d4 d5 3. Nc3 Bb4 4. exd5 exd5 5. Bd3 Nc6 6. a3 Bxc3+ 7. bxc3 Nf6 8. Ne2 h6 {C01: French: Exchange Variation} (8... O-O 9. O-O Bg4 10. f3 Bh5 11. Ng3 Bg6 12. f4 Bxd3 13. cxd3 Re8 14. f5 b5 15. Qb3 Qd7 16. Bg5 Ng4 17. Rf4 Ne3 18. Rf3 Na5 19. Qb2 Ng4 20. h3 h6 21. Bh4 Ne3 22. Qf2 {1-0 (22) Onischuk,V (2610)-Hambleton,A (2461) Riga 2017}) 9. O-O O-O 10. c4 dxc4 $146 {The position is equal.} ({Predecessor:} 10... Bg4 11. f3 dxc4 12. Bxc4 Bf5 13. Ba2 Re8 14. c4 Qe7 15. Ng3 {0-1 (27) Van Delft,M (2185)-Wilgenhof,O (2235) Netherlands 1996}) 11. Bxc4 Bf5 12. Rb1 Rb8 13. Rb5 Qd7 14. Bd3 Bxd3 15. Qxd3 Rfe8 {aiming for ...Rxe2!} 16. Be3 Nd5 17. Qb3 (17. c4 $11 {remains equal.} Nxe3 18. fxe3) 17... Nce7 $17 {[%cal Bc6e7,Be7c8,Bc8b6,Bb6c4][%mdl 32]} 18. Ra5 (18. Rxb7 $17 Rxb7 19. Qxb7) 18... c6 19. Rxa7 Nc8 20. Ra5 b6 21. c4 (21. Rxd5 $17 cxd5 22. Nf4) 21... bxa5 $19 {[%mdl 64] [#] Discovered Attack} 22. Qxb8 Ncb6 23. Qg3 {Threatens to win with Bxh6.} Nxe3 (23... Nxc4 24. Bxh6 f6 25. Nc3 $14) 24. fxe3 Nxc4 {[%mdl 64] Double Attack} 25. Rf3 Nd2 ({Not} 25... Nxa3 26. Qe1 $17) 26. Rf4 Qe7 27. e4 Nxe4 28. Qe3 Nd6 29. Qxe7 Rxe7 {[%mdl 4096] Endgame KRN-KRN} 30. Kf2 Rb7 31. Rf3 Rb2 32. Re3 Nb5 33. Re8+ Kh7 34. Rb8 a4 35. Rb6 (35. Ke3 $142) 35... Ra2 {[%mdl 32768] Accuracy: White = 31%, Black = 80%. . An unexpected result.} 1/2-1/2

[Event "FIDE Zonal 2.5 Open 2019"]
[Site "Montevideo"]
[Date "2019.04.13"]
[Round "1.8"]
[White "Gaye, Gustavo"]
[Black "Tristan, Leonardo"]
[Result "0-1"]
[WhiteElo "2000"]
[BlackElo "2504"]
[Annotator "TA"]
[PlyCount "60"]
[EventDate "2019.04.13"]
[EventType "swiss"]
[EventCountry "URU"]
[SourceTitle "playchess.com"]
[Source "ChessBase"]
[SourceQuality "1"]

{[%evp 13,60,9,16,33,16,13,17,3,9,-8,-1,-14,-18,-18,-17,-24,-13,-20,-8,-46,-48,-45,-34,-42,-42,-59,-45,-35,-32,-103,-64,-194,-188,-301,-323,-317,-311,-338,-325,-473,-456,-694,-668,-1635,-1584,-29992,-29993,-29998,-29999]} 1. e4 e5 2. Nc3 Nf6 3. Nf3 Nc6 4. Bb5 Bb4 5. O-O O-O 6. d3 d6 7. Bg5 Ne7 8. Bxf6 {C49: Four Knights: 4 Bb5 Bb4} gxf6 9. d4 (9. Nh4 Bxc3 10. bxc3 f5 11. Qh5 fxe4 12. dxe4 Ng6 13. Nf5 Qf6 14. g3 Bxf5 15. exf5 Ne7 16. Bd3 d5 17. f3 Kh8 18. Kh1 {½-½ (67) Yeoh,L (2497)-Wang,H (2711) Kuala Lumpur 2018}) 9... c6 {...Bxc3 is the strong threat.} 10. Be2 {The position is equal.} Ng6 11. Re1 Kh8 $146 ({Predecessor:} 11... Nf4 12. Bf1 Bg4 13. h3 Be6 14. a3 Ba5 15. b4 Bb6 {0-1 (38) Grimberg,B (2345)-Ernst,S (2523) Wunsiedel 2015}) 12. a3 Ba5 13. b4 Bc7 14. Qd2 Rg8 15. Kh1 Qf8 16. Bf1 Bg4 17. Ng1 Rd8 18. f3 Bc8 19. d5 f5 20. exf5 Bxf5 21. Nge2 (21. a4 $15) 21... Bc8 22. Ng3 {[#]} (22. a4 $15) 22... f5 $1 $19 23. Bc4 (23. a4 $142) 23... f4 24. Nge4 {With the idea dxc6.} Nh4 25. Re2 Rg6 26. Qe1 (26. b5 $142 cxb5 27. Nxb5) 26... Qh6 27. Bd3 {[#]} (27. dxc6 $142 bxc6 28. Rd1) 27... Nxg2 $1 {[%mdl 512]} 28. Rxg2 Rxg2 29. Kxg2 Qh3+ 30. Kf2 Qxh2+ {Accuracy: White = 30%, Black = 61%.} 0-1

[Event "FIDE Zonal 2.5 Open 2019"]
[Site "Montevideo"]
[Date "2019.04.13"]
[Round "1.9"]
[White "Krysa, Leandro"]
[Black "Curia, Santiago Jose"]
[Result "1-0"]
[WhiteElo "2498"]
[BlackElo "1989"]
[Annotator "TA"]
[PlyCount "85"]
[EventDate "2019.04.13"]
[EventType "swiss"]
[EventCountry "URU"]
[SourceTitle "playchess.com"]
[Source "ChessBase"]
[SourceQuality "1"]

{[%evp 9,85,21,30,24,31,21,33,22,25,17,17,18,20,20,16,24,15,5,33,41,43,43,42,43,51,58,78,55,58,37,46,26,70,68,75,66,62,63,70,78,87,70,107,109,99,114,120,119,120,107,144,142,156,137,180,174,197,181,322,320,304,202,285,306,361,359,447,450,479,435,417,0,437,383,555,546,670,613]} 1. d4 d5 2. c4 e6 3. Nc3 a6 4. cxd5 exd5 5. Nf3 h6 6. Bf4 {D31: Queen's Gambit Declined: Semi-Slav without ...Nf6 (+ Marshall Gambit and Noteboom) and Exchange Variation lines without ...Nf6} Nf6 7. e3 Bd6 8. Ne5 {White is slightly better.} (8. Bxd6 Qxd6 9. Qc2 O-O 10. Bd3 Re8 11. h3 Be6 12. O-O Nbd7 13. a4 {½-½ (40) Shankland,S (2725)-Carlsen,M (2835) Wijk aan Zee 2019}) 8... O-O 9. Bd3 Re8 10. O-O $146 ({Predecessor:} 10. Bg3 c5 11. O-O Nc6 12. Nxc6 bxc6 13. dxc5 Bxc5 {1-0 (67) Girya,O (2450)-Zhukova,N (2459) Khanty-Mansiysk 2014}) 10... Nbd7 11. Nxd7 Qxd7 12. Qf3 Bxf4 13. Qxf4 Re7 (13... a5 {feels hotter.} 14. Rfc1 c6 15. Na4 Qd8 16. h3 Ne4) 14. b4 Qg4 15. Qxg4 Bxg4 16. a4 a5 17. b5 Be6 18. Rac1 Nd7 19. Bc2 Nb6 20. Bb3 Rd8 21. h3 Bf5 22. g4 Bg6 23. Kg2 h5 24. Kg3 Rd6 25. Rfd1 c6 {[#]} 26. bxc6 $1 bxc6 27. Ne2 hxg4 28. hxg4 Rb7 29. Nf4 Bh7 30. g5 Nd7 {[#]} 31. Rc3 $1 Rb4 32. Rdc1 Be4 33. Bd1 Rb6 {[#]} (33... Rc4 $142 34. Rxc4 dxc4) 34. Rc5 $1 $18 {[%mdl 512]} f6 {[#]} (34... Nxc5 35. dxc5) 35. gxf6 $1 {[%mdl 512]} Rxf6 (35... Nxf6 $142 36. Rxa5 Rb2 37. Ra8+ Kh7) 36. Rxa5 Rb2 37. Ra8+ Nf8 38. Bg4 Kf7 39. Ra7+ Kg8 40. Ra8 Kf7 $1 41. Rc8 Rb6 (41... Ra2 $142 42. Rc7+ Kg8 43. R1xc6 Rxc6 44. Rxc6 g5) 42. a5 {[%cal Ba4a5,Ba5a6][%mdl 32]} Rb5 43. a6 {Accuracy: White = 75%, Black = 40%.} 1-0

[Event "FIDE Zonal 2.5 Open 2019"]
[Site "Montevideo"]
[Date "2019.04.13"]
[Round "1.10"]
[White "Lanzilotta, Marcelo"]
[Black "Salinas Herrera, Pablo"]
[Result "0-1"]
[WhiteElo "1972"]
[BlackElo "2483"]
[Annotator "TA"]
[PlyCount "80"]
[EventDate "2019.04.13"]
[EventType "swiss"]
[EventCountry "URU"]
[SourceTitle "playchess.com"]
[Source "ChessBase"]
[SourceQuality "1"]

{[%evp 22,80,0,-47,-47,-38,-36,-38,-31,-41,-49,-87,-47,-163,-163,-161,-168,-246,-243,-236,-235,-289,-288,-298,-286,-285,-291,-602,-598,-591,-576,-613,-613,-579,-502,-786,-763,-788,-799,-725,-699,-908,-530,-531,-520,-788,-781,-727,-798,-789,-789,-789,-755,-755,-773,-791,-776,-772,-768,-764,-763]} 1. e4 c5 2. d3 Nc6 3. Nf3 g6 4. g3 Bg7 5. Bg2 e5 6. Nc3 Nge7 7. O-O O-O 8. Bg5 h6 9. Be3 d6 10. Qd2 {B25: Closed Sicilian: 3 g3, lines without early Be3} Kh7 11. Ne1 (11. a3 Be6 12. Rab1 Qd7 13. b4 b6 14. Nd5 f5 15. b5 Bxd5 16. exd5 Nd4 17. Bxd4 cxd4 {0-1 (51) Guramishvili,S (2371)-Grigoriants,S (2603) London 2015}) 11... Be6 12. f4 {LiveBook: 3 Games. The position is equal.} exf4 13. gxf4 f5 14. Nf3 b6 $146 ({Predecessor:} 14... Nd4 15. Rae1 Qd7 16. Bxd4 cxd4 17. Ne2 Nc6 {1-0 (37) Schuetz,I (2294)-Von Bahr,O (2347) Sweden 2001}) 15. Rae1 Qd7 16. e5 Rad8 {[%cal Rd6e5]} 17. Kh1 ({White should play} 17. exd6 $15 Qxd6 18. Bf2) 17... dxe5 $19 18. fxe5 Nd5 19. Qf2 (19. Nxd5 $142 Bxd5 20. Bf4) 19... Nxe3 ({Less strong is} 19... Nxe5 20. Nxe5 Bxe5 21. Nxd5 $15) 20. Qxe3 g5 {[%cal Bg6g5,Bg5g4][%mdl 32]} 21. Rg1 g4 22. Nh4 Nd4 ({Don't take} 22... Bxe5 23. Bxc6 Qxc6+ 24. Ng2 $19) ({Don't play} 22... Nxe5 23. Rgf1 $19) 23. Qf2 Qe7 24. Ne4 $2 (24. Nd1 Qc7 25. c3) 24... fxe4 {Black is clearly winning.} 25. Bxe4+ Kg8 26. Qg3 Qg5 27. Ng6 {[#]} Rf3 $1 28. Bxf3 (28. Qg2 $142 Rf7 29. Ref1) 28... Nxf3 29. Nf4 Bc8 30. h4 Qf5 31. Ng6 {[#] Strongly threatening Ne7+.} Qxg6 32. Qxf3 Rf8 {[%cal Bd8f8,Bf8f3,Bf3h3][%mdl 32]} 33. Qg3 (33. Qe4 $142 Qh5 34. Rgf1 Rxf1+ 35. Rxf1) 33... Qc6+ 34. Qg2 Rf3 {[%csl Gc8,Gg4][%cal Rf3h3]} 35. Rgf1 Rh3+ 36. Kg1 Qxg2+ 37. Kxg2 Bb7+ 38. Re4 Bxe4+ 39. dxe4 Bxe5 {( -> ...Rh2+)} 40. Rf5 Bxb2 {Precision: White = 34%, Black = 90%.} 0-1